Feminismo para torpes /
Obra que aborda los temas que en la actualidad preocupan al feminismo a través del humor y la comedia. Parodia las actitudes machistas y misóginas que miles de mujeres viven día a día. Feminismo para torpes surgió en un primer momento como monólogo, que fue presentado por primera vez en 2016 en Madr...
Сохранить в:
| Главный автор: | |
|---|---|
| Формат: | |
| Язык: | испанский |
| Опубликовано: |
Barcelona, España :
Martínez Roca,
2022, c2019
|
| Редактирование: | 3a edición |
| Предметы: | |
| Метки: |
Нет меток, Требуется 1-ая метка записи!
|
MARC
| LEADER | 00000nam^a2200000^a^4500 | ||
|---|---|---|---|
| 001 | 000591931 | ||
| 005 | 20250521000000.0 | ||
| 009 | 20260310132938.566 | ||
| 020 | |a 978-84-270-4530-9 | ||
| 037 | |a Acervo ITESO - Biblioteca | ||
| 041 | |a ESP | ||
| 082 | |a 305. 42 |b PER | ||
| 100 | |a Pérez de las Heras, Nerea |e (autor) | ||
| 245 | 1 | 0 | |a Feminismo para torpes / |c N. Pérez de las Heras. |
| 250 | |a 3a edición | ||
| 264 | 4 | |a Barcelona, España : |b Martínez Roca, |c 2022, c2019 | |
| 300 | |a 223 p. | ||
| 336 | |a texto |b txt |2 rdacontenido | ||
| 337 | |a sin mediación |b n |2 rdamedio | ||
| 338 | |a volumen |b nc |2 rdasoporte | ||
| 520 | |a Obra que aborda los temas que en la actualidad preocupan al feminismo a través del humor y la comedia. Parodia las actitudes machistas y misóginas que miles de mujeres viven día a día. Feminismo para torpes surgió en un primer momento como monólogo, que fue presentado por primera vez en 2016 en Madrid y que debido a su éxito llega a su formato en libro. | ||
| 521 | |a FIL 2024 DIA | ||
| 649 | |a XX | ||
| 650 | |a Mujeres - |x Condiciones Sociales y Culturales - |x Tema Principal | ||
| 650 | |a Roles de Género | ||
| 650 | |a Género | ||
| 650 | |a Misoginia | ||
| 650 | |a Machismo | ||
| 650 | |a Violencia Doméstica | ||
| 650 | |a Aborto | ||
| 650 | |a Discriminación de Género | ||
| 650 | |a Igualdad y Desigualdad | ||
| 650 | |a Diferencia y Otredad | ||
| 650 | |a Problemas Sociales | ||
| 650 | |a Comedia | ||
| 650 | |a Feminismo - |x Tema Principal | ||
| 910 | |a Fondo General | ||
| 920 | |a Impresos - Libros | ||
| 930 | |a Colección General | ||
| 905 | |a 101 | ||
| 901 | |a 592406-10 |b IT1 |c ACC |i C187781 |u 20250521 | ||
| 902 | |a https://opac.biblio.iteso.mx/vufind/Record/000591931 | ||